| 000 | 00662cab a2200193 4500 | ||
|---|---|---|---|
| 001 | ABS39592 | ||
| 008 | 090401t1988 xxu||||| |||| 00| 0 eng d | ||
| 035 | _a(Sirsi) u17629 | ||
| 041 | _aeng | ||
| 100 | _aCruickshank, D. | ||
| 245 | _aModel housing | ||
| 260 | _c1988 | ||
| 350 | _a0 | ||
| 490 |
_aArchitects` Journal _v187(33) 17 August 1988, 20-26(6) |
||
| 520 | _aAnalyses two housing schemes in London `s Docklands initiated by the LDDC which reveal problems that can arise when schemes are taken out of the hands of the design architect. Plans. Photographs. | ||
| 690 | _aBUILT ENVIRONMENT-CONSTRUCTION DESIGN | ||
| 942 | _n0 | ||
| 948 | _c04/03/1997 | ||
| 999 |
_c11687 _d11687 |
||